Health services in city schools, (Record no. 22189)

MARC details
000 -LEADER
fixed length control field 01123cam a22003011 4500
001 - CONTROL NUMBER
control field e 53000002
003 - CONTROL NUMBER IDENTIFIER
control field DLC
005 - DATE AND TIME OF LATEST TRANSACTION
control field 20260227111235.0
008 - FIXED-LENGTH DATA ELEMENTS--GENERAL INFORMATION
fixed length control field 810815s1952 xx 000 0 eng
010 ## - LIBRARY OF CONGRESS CONTROL NUMBER
LC control number e 53000002
035 ## - SYSTEM CONTROL NUMBER
System control number (OCoLC)14679063
040 ## - CATALOGING SOURCE
Original cataloging agency DLC
Transcribing agency DNLM
Modifying agency OrPS
-- DLC
042 ## - AUTHENTICATION CODE
Authentication code premarc
043 ## - GEOGRAPHIC AREA CODE
Geographic area code n-us---
050 00 - LIBRARY OF CONGRESS CALL NUMBER
Classification number L111
Item number .A6 1952, no. 20
051 ## - LIBRARY OF CONGRESS COPY, ISSUE, OFFPRINT STATEMENT
Classification number LB3409.U5
Item number K5
060 0# - NATIONAL LIBRARY OF MEDICINE CALL NUMBER
Classification number WA 350
Item number U57h 1952
110 1# - MAIN ENTRY--CORPORATE NAME
Corporate name or jurisdiction name as entry element United States.
Subordinate unit Office of Education.
245 10 - TITLE STATEMENT
Title Health services in city schools,
Statement of responsibility, etc. by H. F. Kilander.
260 ## - PUBLICATION, DISTRIBUTION, ETC.
Place of publication, distribution, etc. [Washington]
Date of publication, distribution, etc. 1952.
300 ## - PHYSICAL DESCRIPTION
Extent vi, 68 p.
410 10 - SERIES STATEMENT/ADDED ENTRY--CORPORATE NAME [OBSOLETE, CAN/MARC], [LOCAL, USA]
Corporate name or jurisdiction name as entry element United States.
Subordinate unit Office of Education.
Title of a work Bulletin
Volume number/sequential designation 1952: no. 20
500 ## - GENERAL NOTE
General note Report of third decennial study of school health services in the United States.
501 ## - WITH NOTE
With note L111.A6 1952, no. 20 with: Schools at work in 48 States / United States. Office of Education. Washington : Govt. Print. Off., 1952. Bound together subsequent to publication.
Institution to which field applies DLC
650 #0 - SUBJECT ADDED ENTRY--TOPICAL TERM
Topical term or geographic name entry element School hygiene
Geographic subdivision United States.
650 #0 - SUBJECT ADDED ENTRY--TOPICAL TERM
Topical term or geographic name entry element Children
General subdivision Health and hygiene.
700 1# - ADDED ENTRY--PERSONAL NAME
Personal name Kilander, Holger Frederick,
Dates associated with a name 1900-

No items available.

Powered by Koha